书目信息 |
| 题名: |
十九世纪文学主流
|
|
| 作者: | 勃兰兑斯 著 ;李宗杰 译 | |
| 分册: | 第五分册 法国的浪漫派 | |
| 出版信息: | 北京 人民文学出版社 1997.10 |
|
| 页数: | 203页 | |
| 开本: | 21cm | |
| 丛书名: | ||
| 单 册: | ||
| 中图分类: | I109.4 | |
| 科图分类: | ||
| 主题词: | 文学史--世界--近代 , 文学思想史--世界--近代 | |
| 电子资源: | ||
| ISBN: | ||
| 000 | 00752nam0 2200241 45 | |
| 001 | 99091316 1 | |
| 005 | 20041228164935.5 | |
| 010 | @dCNY1.40 | |
| 091 | @a10019.3373 | |
| 100 | @a19990913d1997 km y0chiy0120 ea | |
| 101 | @achi@cdan | |
| 105 | @a z 000yy | |
| 200 | 1 | @a十九世纪文学主流@AShi Jiu Shi Ji Wen Xue Zhu Liu@h第五分册@i法国的浪漫派@EFa Guo De Lang Man Pai@f(丹麦)勃兰兑斯著@F(Dan Mai)Bo Lan Dui Si Zhu@g李宗杰译 |
| 210 | @a北京@c人民文学出版社@d1997.10 | |
| 215 | @a203页@d21cm | |
| 517 | @a法国的浪漫派 | |
| 606 | 0 | @a文学史@x世界@z近代 |
| 606 | 0 | @a文学思想史@x世界@x近代 |
| 690 | @aI109.4@v1 | |
| 701 | @a勃兰兑斯@4著 | |
| 702 | 0 | @a李宗杰@ALi Zong Jie@4译 |
| 801 | @aCN@bTSTC@c20011017 | |
| 905 | @dI109.4@e16:5@f1@b85140 | |
| 十九世纪文学主流.第五分册.法国的浪漫派/(丹麦)勃兰兑斯著/李宗杰译.-北京:人民文学出版社,1997.10 |
| 203页;21cm |
| ISBN :CNY1.40 |
| ● |
| 相关链接 |
|
|
|
|
正题名:十九世纪文学主流
索取号:I109.4/16:5
 
预约/预借
| 序号 | 登录号 | 条形码 | 馆藏地/架位号 | 状态 | 备注 |
| 1 | 0085136 | 000220567 | 第二借阅区/ [索取号:I109.4/16:5] | 在馆 | |
| 2 | 0085137 | 000220503 | 第二借阅区/ [索取号:I109.4/16:5] | 在馆 | |
| 3 | 0085138 | 000220497 | 第二借阅区/ [索取号:I109.4/16:5] | 在馆 | |
| 4 | 0085139 | 000220512 | 第二借阅区/ [索取号:I109.4/16:5] | 在馆 | |
| 5 | 0085140 | 000220521 | 第二借阅区/ [索取号:I109.4/16:5] | 在馆 | |
| 6 | 0215731 | 000220460 | 第二借阅区/ [索取号:I109.4/16:5] | 在馆 | |
| 7 | 0215732 | 000220451 | 第二借阅区/ [索取号:I109.4/16:5] | 在馆 |